Statistics for WCW World Tag Team Champions

Click here to take the quiz!

General Stats

  • This quiz has been taken 419 times
  • The average score is 103 of 174

Answer Stats

Title ReignsLast WonChampion% Correct
61999Kevin Nash
96%
101999Booker T
94%
61999Scott Hall
94%
11998Sting
94%
11998Sting
94%
11996Sting
94%
22000Kevin Nash
93%
11998Kevin Nash
93%
21977Ric Flair
93%
11979Ric Flair
93%
11998Lex Luger
92%
11996Lex Luger
92%
11988Lex Luger
92%
101999Stevie Ray
91%
11998Scott Hall
90%
12000David Flair
88%
11998Rick Steiner
88%
71998Rick Steiner
88%
71998Scott Steiner
88%
22000Diamond Dallas Page
86%
21988Arn Anderson
85%
11993Arn Anderson
85%
11991Arn Anderson
85%
11992Arn Anderson
85%
11999Chris Benoit
85%
11999Chris Benoit
85%
11999Diamond Dallas Page
85%
11999Diamond Dallas Page
85%
11993Steve Austin
85%
12001Booker T
83%
71981Ole Anderson
81%
12000Buff Bagwell
80%
12000Lieutenant Loco
80%
11982Ole Anderson
80%
11998The Giant
80%
11998The Giant
80%
11998The Giant
80%
11993Brian Pillman
79%
71981Gene Anderson
79%
11995Marcus Bagwell
79%
11999Dean Malenko
78%
11984Dusty Rhodes
78%
11977Dusty Rhodes
78%
11993Marcus Bagwell
77%
21994Marcus Bagwell
77%
12000Rey Misterio Jr.
77%
11999Bret Hart
76%
11992Dustin Rhodes
76%
11991Dustin Rhodes
76%
11999Perry Saturn
76%
11999Perry Saturn
76%
11988Animal
73%
11988Hawk
73%
21988Tully Blanchard
73%
11992Barry Windham
72%
11999Barry Windham
72%
11988Barry Windham
72%
11999Barry Windham
72%
11999Goldberg
72%
11999Billy Kidman
71%
11999Billy Kidman
71%
11999Chris Kanyon
71%
11999Raven
71%
11999Kendall Windham
70%
11999Bam Bam Bigelow
69%
11992Ricky Steamboat
69%
11991Ricky Steamboat
69%
51983Ricky Steamboat
69%
11978Ricky Steamboat
69%
11999Rey Misterio Jr.
68%
11999Rey Misterio Jr.
68%
11990Ron Simmons
68%
31995Brian Knobbs
63%
11999Curt Hennig
63%
12001Sean O'Haire
63%
22000Sean O'Haire
63%
12001Bubba Ray Dudley
62%
12001D-Von Dudley
62%
31995Jerry Sags
62%
11995Scotty Riggs
62%
12001Chuck Palumbo
61%
32000Chuck Palumbo
61%
11999Konnan
61%
11999Konnan
61%
11992Shane Douglas
60%
12000Shane Douglas
60%
12000Crowbar
58%
11988Bobby Eaton
57%
12001Jeff Hardy
57%
22000Mark Jindrak
57%
12001Matt Hardy
57%
11988Stan Lane
57%
22000Brian Adams
56%
11990Butch Reed
56%
12001Kane
56%
12001The Undertaker
56%
41987Ricky Morton
55%
32000Shawn Stasiak
55%
22000Bryan Clark
54%
41987Robert Gibson
54%
11994Kevin Sullivan
53%
11996Rocco Rock
52%
12001Test
52%
11992Bobby Eaton
51%
11986Bobby Eaton
51%
11994Cactus Jack
50%
12000Disco Inferno
50%
12000Juventud Guerrera
50%
21991Michael Hayes
50%
21994Paul Roma
50%
11981Ivan Koloff
49%
11984Ivan Koloff
49%
21985Ivan Koloff
49%
11993Paul Roma
49%
21991Jimmy Garvin
48%
21994The Patriot
48%
119932 Cold Scorpio
47%
11989Steve Williams
47%
12000Vampiro
47%
12000Alex Wright
46%
21977Greg Valentine
46%
11980Greg Valentine
46%
11978Greg Valentine
46%
21994Paul Orndorff
46%
11978Paul Orndorff
46%
11986Rick Rude
46%
11992Steve Williams
46%
11991Larry Zbyszko
44%
11992Terry Gordy
44%
11975Wahoo McDaniel
44%
21984Wahoo McDaniel
44%
11976Wahoo McDaniel
44%
11996Johnny Grunge
43%
11989Mike Rotunda
43%
12000Corporal Cajun
42%
11978Jimmy Snuka
42%
11980Jimmy Snuka
42%
11978Paul Jones
41%
21979Paul Jones
41%
21981Paul Jones
41%
11975Paul Jones
41%
11976Rufus R. Jones
41%
12000The Great Muta
40%
11995Bunkhouse Buck
39%
11995Dick Slater
39%
11977Dick Slater
39%
11982Sgt. Slaughter
36%
32000Don Harris
35%
32000Ron Harris
35%
11979Blackjack Mulligan
34%
22000Johnny the Bull
34%
51983Jay Youngblood
33%
11982Stan Hansen
33%
31984Jack Brisco
32%
31984Jerry Brisco
32%
11998Kenny Kaos
32%
21984Mark Youngblood
32%
22000Big Vito
31%
11976Mr. Wrestling
28%
11986Dennis Condrey
26%
21985Nikita Koloff
26%
11984Bob Orton Jr.
23%
11976Dino Bravo
21%
11984Manny Fernandez
21%
11986Manny Fernandez
21%
11982Don Kernodle
16%
11984Don Kernodle
16%
11984Don Kernodle
16%
11978Baron Von Raschke
15%
21979Baron Von Raschke
15%
11980Ray Stevens
13%
11980Ray Stevens
13%
11981Ray Stevens
13%
21981The Masked Superstar
11%

Score Distribution

Percentile by Number Answered

Percent of People with Each Score

Your Score History

You have not taken this quiz